| 000 | 00961nam a2200277 a 4500 | ||
|---|---|---|---|
| 001 | BRCA_4584 | ||
| 005 | 20190320204727.0 | ||
| 008 | 031117s2003####sp-a######---#000-0#spa-# | ||
| 020 | _a8488333803 | ||
| 041 | _aspa | ||
| 044 | _asp | ||
| 050 | 4 |
_aPQ6398 _b.P65 2003 |
|
| 130 | 0 |
_aHistoria del invencible cavallero don Polindo. _911591 |
|
| 245 | 1 | 0 |
_aPolindo _cedición de Manuel Calderón Calderón. |
| 260 |
_aAlcalá de Henares [España] : _bCentro de Estudios Cervantinos, _c2003. |
||
| 300 |
_axxxix, 316 p. : _bil. _c24 cm. |
||
| 440 | 0 |
_aLos libros de Rocinante _v16 _911592 |
|
| 500 | _aOriginalmente publicado en Toledo en 1526 por autor anónimo | ||
| 500 | _aIncluye tabla de capítulos | ||
| 504 | _aBibliografía: p. xxxviii-xxxix | ||
| 630 | 0 | 4 |
_aHistoria del invencible cavallero don Polindo. _911591 |
| 650 | 1 | 4 |
_aLiteratura _zEspaña _911593 |
| 700 | 1 |
_aCalderón Calderón, Manuel. _eEditor _911594 |
|
| 902 | _aCERV | ||
| 942 |
_2lcc _cB |
||
| 999 |
_c4289 _d4289 |
||